[Event "GER-chT U20"]
[Site "Osnabrueck"]
[Date "2013.12.28"]
[Round "4.1"]
[White "Fritsche, Oliver"]
[Black "Peng, Xiang Tobias"]
[Result "1/2-1/2"]
[WhiteElo "1981"]
[BlackElo "1936"]
[PlyCount "81"]
[EventDate "2013.12.27"]
[EventType "team-swiss"]
[EventRounds "7"]
[EventCountry "GER"]
[SourceTitle "EXT 2015"]
[Source "ChessBase"]
[SourceDate "2014.11.20"]
[SourceVersion "1"]
[SourceVersionDate "2014.11.20"]
[SourceQuality "1"]
[WhiteTeam "Kiel Doppelbauer"]
[BlackTeam "Heilbronn"]
[WhiteTeamCountry "GER"]
[BlackTeamCountry "GER"]

1. e4 e5 2. Nf3 Nc6 3. Bb5 Nf6 4. 0-0 Nxe4 5. d4 Nd6 6. Bxc6 dxc6 7. dxe5 Nf5 8. Qxd8+ Kxd8 9. Nc3 Ke8 10. h3 h5 11. b3 Be7 12. Ne4 Be6 13. Nfg5 Rh6 14. Rd1 Rg6 15. Bf4 Nh4 16. Nxe6 Rxe6 17. Bg3 Nf5 18. f4 Ne3 19. Rd2 h4 20. Bh2 f5 21. Kf2 Nd5 22. c4 Nxf4 23. Bxf4 fxe4 24. Ke3 g5 25. Bh2 g4 26. Bf4 Bb4 27. Re2 Bc3 28. Rf1 Bxe5 29. Bxe5 Rxe5 30. Kf4 Re7 31. Rxe4 Rxe4+ 32. Kxe4 gxh3 33. gxh3 Rd8 34. Ke3 Ke7 35. Rf4 Rh8 36. Kd4 Rh5 37. a4 c5+ 38. Ke4 Ke6 39. Rg4 Kf6 40. Rf4+ Ke6 41. Rg4 1/2-1/2

[Event "Kiel op-A 26th"]
[Site "Kiel"]
[Date "2013.07.31"]
[Round "7"]
[White "Fritsche, Oliver"]
[Black "Jahncke, Giso"]
[Result "1/2-1/2"]
[WhiteElo "1798"]
[BlackElo "2239"]
[PlyCount "80"]
[EventDate "2013.07.27"]
[EventType "swiss"]
[EventRounds "9"]
[EventCountry "GER"]
[SourceTitle "EXT 2018"]
[Source "ChessBase"]
[SourceDate "2017.10.13"]
[SourceVersion "1"]
[SourceVersionDate "2017.10.13"]
[SourceQuality "1"]

1. e4 c5 2. Nf3 e6 3. d4 cxd4 4. Nxd4 Nc6 5. Nc3 d6 6. Be3 Nf6 7. f3 Be7 8. Qd2 0-0 9. 0-0-0 Nd7 10. Ndb5 Nde5 11. Nxd6 Qa5 12. a3 a6 13. Qf2 Qc7 14. Bb6 Qb8 15. Nxc8 Qxc8 16. Be2 Nd7 17. Na4 Nce5 18. f4 Qc6 19. Qd4 Nxb6 20. Nxb6 Rad8 21. Qxe5 Qxb6 22. Qc3 Rc8 23. Qf3 Qc6 24. Bd3 e5 25. fxe5 b5 26. Qh3 b4 27. axb4 Bxb4 28. e6 g6 29. Rhf1 f6 30. Rf4 Rb8 31. e5 Be7 32. Bxg6 hxg6 33. Qh6 g5 34. Qg6+ Kh8 35. Qh6+ Kg8 36. Qg6+ Kh8 37. Rd3 Qxe6 38. Rh4+ gxh4 39. Qh6+ Kg8 40. Qg6+ Kh8 1/2-1/2

[Event "GER Cup19 sf21 serv"]
[Site "GER email"]
[Date "2013.07.14"]
[Round "?"]
[White "Fritsche, Oliver"]
[Black "Krueger, Wolfgang"]
[Result "1/2-1/2"]
[WhiteElo "1896"]
[BlackElo "2158"]
[PlyCount "88"]
[EventDate "2013.07.20"]
[EventType "tourn (corr)"]
[EventRounds "6"]
[EventCountry "GER"]
[SourceTitle "Corr 2015"]
[Source "ChessBase"]
[SourceDate "2015.07.17"]
[SourceVersion "1"]
[SourceVersionDate "2015.07.17"]
[SourceQuality "1"]

1. e4 d6 2. d4 Nf6 3. Nc3 g6 4. f4 Bg7 5. Nf3 0-0 6. Be3 b6 7. Qd2 Bb7 8. e5 Ng4 9. 0-0-0 dxe5 10. Nxe5 Nxe5 11. dxe5 Qxd2+ 12. Rxd2 Nc6 13. Be2 e6 14. Bf3 Rad8 15. Rhd1 Rxd2 16. Rxd2 g5 17. g3 gxf4 18. gxf4 Rb8 19. Bf2 Bh6 20. Bg3 Kg7 21. Kd1 Nxe5 22. Bxb7 Rxb7 23. fxe5 Bxd2 24. Kxd2 Kg6 25. Ke3 Rb8 26. a4 Kg5 27. h3 a6 28. Ne2 b5 29. a5 b4 30. Nc1 Rb5 31. Nb3 Rd5 32. Ke4 Rd1 33. Bf2 Rb1 34. Bd4 Kh4 35. Nc5 Kxh3 36. Nxa6 Ra1 37. Nxc7 Kg2 38. a6 h5 39. a7 h4 40. Nb5 Ra4 41. b3 Rxa7 42. Bxa7 h3 43. Bg1 Kxg1 44. Nd4 Kf1 1/2-1/2

[Event "Schleswig Holstein-ch U18"]
[Site "Neumuenster"]
[Date "2011.04.29"]
[Round "7.3"]
[White "Marx, Joschka"]
[Black "Fritsche, Oliver"]
[Result "1-0"]
[WhiteElo "2035"]
[BlackElo "1707"]
[PlyCount "57"]
[EventDate "2011.04.25"]
[EventType "tourn"]
[EventRounds "9"]
[EventCountry "GER"]
[SourceTitle "EXT 2022"]
[Source "ChessBase"]
[SourceDate "2021.10.06"]
[SourceVersion "1"]
[SourceVersionDate "2021.10.06"]
[SourceQuality "1"]

1. e4 e6 2. d3 d5 3. Nd2 c5 4. Ngf3 Nc6 5. g3 Bd6 6. Bg2 Nf6 7. 0-0 0-0 8. Re1 Qc7 9. Nf1 d4 10. N3d2 e5 11. a4 Na5 12. b3 a6 13. Nc4 Nxc4 14. bxc4 Be6 15. a5 b5 16. axb6 Qxb6 17. f4 Rfb8 18. f5 Bd7 19. g4 Ne8 20. Nd2 a5 21. Rf1 a4 22. g5 Bf8 23. Nf3 Qd6 24. Qe1 f6 25. Qg3 Kh8 26. Nh4 Rb7 27. Kh1 Rab8 28. Ba3 Qe7 29. Ng6+ 1-0

[Event "Kiel Cup U18"]
[Site "Kiel"]
[Date "2008.10.18"]
[Round "6.10"]
[White "Fritsche, Oliver"]
[Black "Wanner, Lukas"]
[Result "1-0"]
[WhiteElo "1179"]
[BlackElo "1210"]
[PlyCount "119"]
[EventDate "2008.10.16"]
[EventType "team-swiss"]
[EventRounds "7"]
[EventCountry "GER"]
[SourceTitle "EXT 2011"]
[Source "ChessBase"]
[SourceDate "2010.11.26"]
[SourceVersion "1"]
[SourceVersionDate "2010.11.26"]
[SourceQuality "1"]

1. e4 e5 2. Nf3 Nc6 3. Bb5 a6 4. Ba4 Nf6 5. d3 d6 6. Bg5 h6 7. Bh4 Be7 8. 0-0 Bg4 9. h3 Bh5 10. Nbd2 0-0 11. c3 b5 12. Bb3 a5 13. a4 b4 14. cxb4 Nxb4 15. Qe2 Nd7 16. Bxe7 Qxe7 17. d4 exd4 18. g4 Bg6 19. Nxd4 Nc5 20. f3 Ncd3 21. Nc4 Qh4 22. f4 Qg3+ 23. Qg2 Qxg2+ 24. Kxg2 Bxe4+ 25. Kg3 d5 26. Nd2 Nxb2 27. Nxe4 dxe4 28. Rfe1 Rfe8 29. Nb5 Re7 30. Re2 Rae8 31. Rxb2 e3 32. Re2 Nd3 33. Bd5 Nb4 34. Bf3 c5 35. Rc1 Rc8 36. Rc3 c4 37. Rcxe3 Rxe3 38. Rxe3 Na2 39. Bb7 c3 40. Bxc8 c2 41. Re8+ Kh7 42. Bf5+ g6 43. Bxc2 Nb4 44. Bb3 Na6 45. Re7 Nc5 46. Rxf7+ Kh8 47. Bd5 Nxa4 48. Nd6 Nc3 49. Bc4 a4 50. Rf8+ Kh7 51. g5 a3 52. Ne8 Ne4+ 53. Kg2 hxg5 54. fxg5 Nxg5 55. Bg8+ Kh6 56. Ba2 Nh7 57. Rh8 g5 58. Bb1 g4 59. h4 g3 60. Rxh7# 1-0

[Event "Kiel Cup U18"]
[Site "Kiel"]
[Date "2008.10.17"]
[Round "4.8"]
[White "Fritsche, Oliver"]
[Black "Stolberg, Daniel"]
[Result "1-0"]
[WhiteElo "1179"]
[BlackElo "1466"]
[PlyCount "69"]
[EventDate "2008.10.16"]
[EventType "team-swiss"]
[EventRounds "7"]
[EventCountry "GER"]
[SourceTitle "EXT 2011"]
[Source "ChessBase"]
[SourceDate "2010.11.26"]
[SourceVersion "1"]
[SourceVersionDate "2010.11.26"]
[SourceQuality "1"]

1. e4 c6 2. d4 d5 3. e5 Bf5 4. Bd3 Bxd3 5. Qxd3 e6 6. Be3 Nd7 7. Nd2 Ne7 8. c3 Nf5 9. Ne2 Nxe3 10. Qxe3 Qb6 11. Rb1 c5 12. 0-0 Be7 13. a3 0-0 14. f4 cxd4 15. cxd4 Rac8 16. g4 Nc5 17. Kh1 Nd7 18. f5 exf5 19. gxf5 f6 20. Qf3 Qa5 21. b4 Qb5 22. Nc3 Qc6 23. Qxd5+ Qxd5+ 24. Nxd5 Bd8 25. e6 Rc2 26. Nb3 Re8 27. exd7 Ree2 28. Nf4 Rxh2+ 29. Kg1 Bc7 30. Rbc1 Kf7 31. Rxc2 Rxc2 32. Nc5 Ke7 33. Re1+ Kf7 34. Nfe6 Bh2+ 35. Kh1 1-0